| 000 | 00666nam a2200193 4500 | ||
|---|---|---|---|
| 001 | 131241 | ||
| 003 | ES-MaACL | ||
| 005 | 20240125210508.0 | ||
| 007 | t| | ||
| 008 | 070214s1946 sp r ||||1| spa d | ||
| 100 | 1 |
_aRobinson, Joan. _997894 |
|
| 245 | 1 | 3 |
_aLa economía de la competencia imperfecta / _cJoan Robinson ; traducción del inglés por José Luis Sampedro ; introducción por Manuel de Torres. |
| 260 |
_aMadrid : _bM. Aguilar, _c1946. |
||
| 300 |
_aXXXV, 419 p. : _bil. ; _c22 cm. |
||
| 700 | 1 |
_aSampedro, José Luis, _d1917-2013 _9102185 |
|
| 700 | 1 |
_aTorres, Manuel de. _9110904 |
|
| 852 |
_aES-MaACL _jE-1842 _bR.22825 |
||
| 999 |
_c131241 _d131241 |
||